|
|
|
|
| LEADER |
00703cam a2200205 7i4500 |
| 001 |
0000049146 |
| 005 |
20170218090000.0 |
| 020 |
|
|
|a 1841122297 (pbk.)
|
| 020 |
|
|
|a 9781841122298 (pbk.)
|
| 090 |
0 |
0 |
|a HD56
|b .O45 2002
|
| 100 |
1 |
|
|a Olve, Nils-Goran
|
| 245 |
1 |
4 |
|a The balanced scorecard
|c Nils-Goran Olve and Anna Sjostrand.
|
| 260 |
|
|
|a United Kingdom:
|b Capstone Publishing,
|c 2002.
|
| 300 |
|
|
|a 114 p.:
|b ill.;
|c 17 cm.
|
| 650 |
0 |
0 |
|a Strategic planning
|
| 650 |
0 |
0 |
|a Industrial productivity --
|x Measurement
|
| 650 |
0 |
0 |
|a Organizational effectiveness --
|x Evaluation
|
| 700 |
1 |
|
|a Sjostrand, Anna
|
| 997 |
|
|
|a Business & Accountancy, Faculty
|
| 999 |
|
|
|a 0000058106
|b BOK
|c OPEN SHELF
|e 1st Floor, Shah Alam
|